| 000 | 00769nam a2200205 u 4500 | ||
|---|---|---|---|
| 005 | 20240911064020.0 | ||
| 008 | 140305s1996 r 000 0 eng d | ||
| 035 | _aUPN01000196161 | ||
| 049 | _aCG | ||
| 050 | 4 |
_aGE90 M6 _bA8.6 |
|
| 245 | 0 | 0 |
_aAspectos sobre la elaboración de fichas, ensayos y notas; heterogeneidad discursiva; biotecnológìa y educación ambiental / _c[comp.] José Guadalupe Rincón Andrade |
| 260 |
_aMéxico : _bUPN, _c1996 |
||
| 300 |
_a193 p. : _bil. cuadros |
||
| 590 | _a(También localizas un ejemplar en el "Area de Reserva") | ||
| 650 | 2 |
_aEducación ambiental _zMéxico _vPlanes y programas _910740 |
|
| 650 | 2 |
_aBiotecnología _95161 |
|
| 700 | 1 |
_aRincón Andrade, José Guadalupe, _e[comp.] |
|
| 905 | _aLibro | ||
| 999 |
_c168262 _d168262 |
||